| 000 | 00814nas a2200265 4500 | ||
|---|---|---|---|
| 001 | BR0803309 | ||
| 003 | BR-BrBNA | ||
| 005 | 20231205112253.0 | ||
| 007 | ta | ||
| 008 | 230509b bl.|||p| |||| 00| 00por d | ||
| 040 |
_aBR-BrBNA _bpor _cBiblioteca Nacional de Agricultura |
||
| 041 | _a(Pt) | ||
| 072 | _aH60 | ||
| 100 | 1 | _aConcenço, G. | |
| 100 | 1 | _aNoldin, J.A. | |
| 100 | 1 | _aLopes, N.F. | |
| 100 | 1 | _aComiotto, A. | |
| 245 | 1 | _aAspectos da resistência de Sagittaria montevidensis ao herbicida pirazosulfuron-ethyl inibidor da ALS | |
| 650 | _aHERBICIDA | ||
| 650 | _aRESISTÊNCIA A PESTICIDA | ||
| 650 | _aTRANSLOCAÇÃO | ||
| 773 | 0 |
_tPlanta Daninha (Brazil) _xISSN 0100-8358 _g(Jan-Mar 2007), v. 25(1) p. 187-194 _wBR0803309 |
|
| 909 |
_a202311 _bLúcia _c55 _dLúcia Elande |
||
| 942 |
_2AGRIS _n0 _cANA |
||
| 999 |
_c197109 _d197109 |
||